|
|
|
|
| LEADER |
00824nam a2200205 a 4500 |
| 001 |
00025107 |
| 008 |
120531r20122005enka j 000 1 eng |
| 020 |
|
|
|a 9780194401388
|
| 040 |
|
|
|a BD-DhAAL
|c BD-DhAAL
|
| 082 |
0 |
4 |
|a 428.6
|
| 700 |
1 |
|
|a Rose, Mary
|
| 245 |
1 |
0 |
|a My family :
|b Activity book /
|c Mary Rose;[illustrated by Mark ruffle].
|
| 260 |
|
|
|a Oxford :
|b Oxford University Press,
|c 2005.[reprinted 2012]
|
| 300 |
|
|
|a 14 p. :
|b col. ill. ;
|c 21cm.
|
| 490 |
0 |
|
|a Dolphin readers ;
|v Starter Level
|
| 541 |
1 |
|
|e 00025107
|
| 650 |
|
0 |
|a Readers (Elementary)
|
| 852 |
1 |
|
|a Ayesha Abed library
|c General Shelf
|
| 999 |
|
|
|c 12285
|d 12285
|
| 952 |
|
|
|0 0
|1 0
|2 ddc
|4 0
|6 428_600000000000000_ROS
|7 0
|9 20329
|a BRACUL
|b BRACUL
|d 2012-05-31
|e Karim International
|l 0
|o 428.6 ROS
|p 3010025107
|r 2012-05-31
|t 1
|w 2012-05-31
|y BK
|x Transferred from BIL to BRACUL on 06/06/22
|